| 000 | 00388nam a2200145Ia 4500 | ||
|---|---|---|---|
| 003 | OSt | ||
| 005 | 20240312121445.0 | ||
| 008 | 170523s9999 xx 000 0 und d | ||
| 020 | _a 9788119220069 | ||
| 040 | _cIIMT UNIVERSITY MEERUT | ||
| 100 | _aGupta- R.P. | ||
| 245 | 0 | _aElectrical & Electronics Engineering Material (Hindi) | |
| 260 | _aAsiyan Pub. Muzaffarnagar | ||
| 942 |
_2ddc _c02 |
||
| 999 |
_c11795 _d11795 |
||